| 000 | 00902nam a22002771 4500 | ||
|---|---|---|---|
| 001 | 74623 | ||
| 003 | BD-RjUL | ||
| 005 | 20211209082559.0 | ||
| 008 | 831213s1958 nyua 000 0 eng | ||
| 035 | _a(BD-RjUL)74841 | ||
| 040 |
_aDLC/ICU _cICU _dDLC _beng |
||
| 041 | _aeng | ||
| 082 | 0 | 0 |
_a621.38 _223 |
| 100 | 1 |
_aDavenport, Wilbur B. _9224700 |
|
| 245 | 1 | 3 |
_aAn introduction to the theory of random signals and noise _c[by] Wilbur B. Davenport, Jr., and William L. Root. |
| 260 |
_aNew York, _bMcGraw-Hill, _c1958. |
||
| 300 |
_a393 p. _billus. _c24 cm. |
||
| 650 | 0 |
_aStatistical communication theory. _9224702 |
|
| 650 | 0 |
_aSignal theory (Telecommunication) _9224703 |
|
| 700 | 1 |
_aRoot, William L., _9224911 |
|
| 906 |
_a7 _bcbc _corignew _du _eocip _f19 _gy-gencatlg |
||
| 942 |
_2ddc _cBK |
||
| 999 |
_c74623 _d74623 |
||